20 Most Famous Cities in Afghanistan on a Map - Statistics

General Stats
  • This quiz has been taken 103 times
  • The average score is 7 of 21
Answers on the Map
Answers color-coded by a green-red scale on the quiz's map according to % correct below.
 
Answer Stats
Wiki Monthly Views Cityquiz Mention Rate Population Answers % Correct
117.98 K 57.16% 4434.60 K Kabul
100%
35.16 K 11.15% 574.30 K Herat
84%
52.04 K 13.25% 523.30 K Kandahar
84%
16.71 K 3.42% 271.90 K Jalalabad
61%
28.31 K 4.40% 484.50 K Mazar-i-Sharif
57%
10.08 K 3.05% 189.30 K Kunduz
43%
18.17 K 1.48% 69.00 K Ghazni
29%
24.32 K 0.92% 18.00 K Balkh
23%
11.61 K 1.15% 14.70 K Bamyan
23%
2.56 K 1.00% 42.80 K Farah
20%
4.54 K 0.71% 13.40 K Khost
17%
4.55 K 0.76% 89.30 K Lashkargah
17%
3.66 K 0.44% 30.40 K Zaranj
16%
2.34 K 0.42% 93.60 K Sheberghan
13%
2.50 K 0.55% 83.90 K Taloqan
13%
2.48 K 0.25% 65.90 K Charikar
12%
2.33 K 0.44% 123.70 K Puli Khumri
12%
2.84 K 0.38% 38.60 K Fayzabad
11%
7.04 K - - Bagram
8%
2.80 K 0.23% 28.30 K Gardez
8%
3.21 K 0.06% 24.72 K Bazarak
4%
No matching quizzes found
Score Distribution
Percent of People with Each Score
Percentile by Number Answered
Your Score History
You have not taken this quiz